Представление документа в формате MARC21

Поле Инд. ПП Название Значение
Тип записи a
Библиографический уровень a
001 Контрольный номер RU/IS/BASE/446723031
005 Дата корректировки 20140226094351.6
020 a ISBN 978-5-7609-0781-3
040 a Служба первич. каталог. НБ ТвГУ
b Код языка каталог. rus
e Правила каталог. PSBO
041 0_ a Код языка текста rus
100 1_ a Автор Мещерякова Ксения Андреевна
q Полное имя Мещерякова К. А.
245 10 a Заглавие О проблеме взаимосвязи грамматического и философского аспектов понятия времени
260 a Место издания Москва
b Издательство Тверской государственный университет
c Дата издания 2012
504 a Библиография Библиогр.: с. 117 (5 назв.)
520 a Аннотация В статье рассматриваются философский и грамматический аспекты категории времени.
653 1_ a Ключевые слова Философский аспект
653 1_ a Ключевые слова Грамматический аспект
653 1_ a Ключевые слова Понятие времени
653 1_ a Ключевые слова Время
653 1_ a Ключевые слова Язык
653 1_ a Ключевые слова Грамматическое время
773 08 w Контрольный № источника RU/IS/BASE/429802814
t Название источника Язык и коммуникация в контексте образования и культуры
d Место и дата издания Москва ; Тверь : Тверской государственный университет, 2012
g Прочая информация Вып. 4. - С. 113-117
901 t Тип документа a
920 a Оператор Нови